00454nam a2200169Ia 4500003000500000008004100005020001700046040001900063082000700082100001800089245006400107246003200171260005000203300001000253365000700263546001400270STCL230726s9999 xx 000 0 und d a817705614070 aSTCLcSTCLbEN 222 aPanikkar, G N 0aനീരുറവകൾക്ക് ഒരു ഗീതം aNeeruravakalkku oru geetham bPrabhath Book HouseaThiruvananthapuramc2011 a152 p b95 aMalayalam